000 01384nam a2200313 i 4500
003 EG-GICUC
005 20260402130506.0
008 260402s2000 ua ||||fr|||| 00| 0 ara d
040 _a EG-GICUC
_bara
_c EG-GICUC
_d EG-GICUC
_erda
041 1 _aara
082 0 4 _221
_a341.6
_bع ا . I
092 0 4 _221
099 _aLaw1 11 341.6 ع ا . I 2000
100 0 _aعادل عبد الله المسدى
_eمؤلف.
245 _aاستخدام الأسلحة النووية في ضوء أحكام القانون الدولي /
_cدكتور عادل عبد الله المسدى.
264 1 _aالقاهرة :
_bمجلة البحوث القانونية والاقتصادية،
_c2000.
300 _a 276 - 341 صفحة،
_c24 سم.
336 _2rda content
_atext
337 _2rda media
_aComputer
338 _2rda carrier
_aOnline Resource
500 _a مستلة مستخرجة من مجلة البحوث القانونية والاقتصادية السنة الرابعة عشرة عدد يونيو ٢٠٠٠
504 _a 339 - 341 ببليوجرافيا: صفحات.
504 _aيشتمل على إرجاعات ببليوجرافية.
546 _aالنص باللغة العربية
650 1 4 _aالقانون الدولي العام
856 4 0 _uhttps://fll.law.cu.edu.eg/fulltext/bks/B11-08161.pdf
905 _a48
942 _2ddc
_cBK
_e21
_n0
999 _c68433
_d68433